000 00505nam a2200181Ia 4500
005 20250508154519.0
008 008 250505s9999 xx 000 0 eng d
037 _aTextual
040 _aFEDL
_beng
_cFEDL
041 _aeng
_2eng
084 _a891.2, CHI
_qFEDL
100 _aC Kunhan Raja
_9197752
245 0 _aSurvey of Sanskrit literature
260 _aBombay, India
_bBharatiya Vidya Bhavan
_c1962
300 _axxi,363p
942 _cTEXL
_h891.2, CHI
999 _c1350696
_d1350696